Educating the reflective practitioner.

Gespeichert in:
Bibliographische Detailangaben
1. Verfasser: Schön, Donald A (VerfasserIn)
Format: Unbekannt
Veröffentlicht: San Francisco, United States: Jossey-Bass, 1987.
Schriftenreihe:Jossey-Bass higher education series.
Schlagworte:
Tags: Tag hinzufügen
Keine Tags, Fügen Sie den ersten Tag hinzu!

MARC

LEADER 00000 a2200000 4500
003 CL-VaPUC
005 20241126163257.0
008 241114t1987 ||||| |||| 00| 0 eng d
999 |c 445033  |d 445031 
020 |a 9781555422202 
040 |c Pontificia Universidad Católica de Valparaíso 
082 7 |a 378.013 SCH 1987  |2 22 
100 |a Schön, Donald A  |9 591337  |e author 
245 |a Educating the reflective practitioner. 
260 |a San Francisco, United States:  |b Jossey-Bass,   |c 1987. 
300 |a xvii, 355 páginas.  
490 |a Jossey-Bass higher education series.  
583 |k GC  |c 20241114 
650 |a Innvaciones educativas  |9 893809 
650 0 |a Aprendizaje experiencial  |9 735093 
942 |2 ddc  |c BK 
952 |0 0  |1 0  |2 ddc  |4 0  |6 378_013000000000000_SCH_1987  |7 0  |8 A  |9 598015  |a BIBARQ  |b BIBARQ  |d 2024-11-14  |e 3  |g 54613.95  |i 5663271  |l 1  |o 378.013 SCH 1987  |p 5663271  |r 2025-01-09  |s 2025-01-09  |t 1  |v 54613.95  |w 2024-11-14  |y BK  |k MAD